[Event "17. Open de Sants Hostafrancs 2015"]
[Site "Barcelona ESP"]
[Date "2015.08.24"]
[Round "4.60"]
[White "Zoldan, Matteo"]
[Black "Sonis, Francesco"]
[Result "1/2-1/2"]
[WhiteElo "2156"]
[BlackElo "2285"]
[PlyCount "43"]
[EventDate "2015.08.21"]
[EventType "swiss"]
[EventRounds "10"]
[EventCountry "ESP"]
[SourceTitle "Ajedrez en Madrid"]
[Source "lmi"]
[SourceDate "2015.08.21"]

1. e4 e6 2. d4 d5 3. Nd2 Nf6 4. e5 Nfd7 5. Bd3 c5 6. c3 Nc6 7. Ne2 cxd4 8. cxd4
f6 9. exf6 Nxf6 10. Nf3 Bd6 11. O-O Qc7 12. Bg5 O-O 13. Rc1 h6 14. Bh4 Nh5 15.
Bb1 g5 16. Qd3 Qg7 17. Bg3 Nf4 18. Nxf4 gxf4 19. Bh4 Bd7 20. Rfe1 Kh8 21. Ne5
Rf5 22. Nxd7 1/2-1/2

[Event "17. Open de Sants Hostafrancs 2015"]
[Site "Barcelona ESP"]
[Date "2015.08.24"]
[Round "4.61"]
[White "Mateus, Alejandro"]
[Black "Forestie, Pierre"]
[Result "1-0"]
[WhiteElo "2283"]
[BlackElo "2132"]
[PlyCount "79"]
[EventDate "2015.08.21"]
[EventType "swiss"]
[EventRounds "10"]
[EventCountry "ESP"]
[SourceTitle "Ajedrez en Madrid"]
[Source "lmi"]
[SourceDate "2015.08.21"]

1. e4 e5 2. Nf3 Nc6 3. Bb5 Bc5 4. O-O Nd4 5. Nxd4 Bxd4 6. c3 Bb6 7. d4 c6 8.
Ba4 d6 9. Na3 Qf6 10. Be3 Bc7 11. f4 Qg6 12. f5 Qf6 13. Qh5 h6 14. Bb3 Bd7 15.
dxe5 dxe5 16. Rad1 O-O-O 17. Bxf7 Qe7 18. Bc4 Nf6 19. Qf3 Kb8 20. b4 Be8 21.
Rxd8+ Bxd8 22. Bc5 Bb6 23. Bxb6 axb6 24. Qe3 Kc7 25. Be6 Bf7 26. Nc4 Bxe6 27.
Qxb6+ Kc8 28. fxe6 Qxe6 29. Na5 Qe7 30. Qa7 Qc7 31. Rd1 Qb8 32. Qf2 Qc7 33.
Qf5+ Kb8 34. Nb3 Re8 35. Nc5 Ka8 36. h3 Qb6 37. Kh2 Qb5 38. Qg6 Qe2 39. Qxg7
Rb8 40. Rd8 1-0

[Event "17. Open de Sants Hostafrancs 2015"]
[Site "Barcelona ESP"]
[Date "2015.08.24"]
[Round "4.62"]
[White "Domingo Nunez, Ruben"]
[Black "Dubois, Pierre"]
[Result "1-0"]
[WhiteElo "2281"]
[BlackElo "2117"]
[PlyCount "135"]
[EventDate "2015.08.21"]
[EventType "swiss"]
[EventRounds "10"]
[EventCountry "ESP"]
[SourceTitle "Ajedrez en Madrid"]
[Source "lmi"]
[SourceDate "2015.08.21"]

1. e4 c5 2. Nf3 e6 3. d4 cxd4 4. c3 d5 5. exd5 Qxd5 6. cxd4 Nf6 7. Be2 Bb4+ 8.
Nc3 O-O 9. O-O Bxc3 10. bxc3 Nc6 11. Bf4 b6 12. Ne5 Nxe5 13. Bxe5 Bb7 14. Bf3
Qd7 15. Bxb7 Qxb7 16. Bxf6 gxf6 17. Qg4+ Kh8 18. Qh4 Qe7 19. Rfe1 Qd8 20. Re3
f5 21. Qh6 Rg8 22. Rd1 Qg5 23. Qxg5 Rxg5 24. c4 Rgg8 25. f4 Rac8 26. Rc3 Kg7
27. Kf2 Kf6 28. Rd2 Rc7 29. Ke3 Rd8 30. Rdc2 Rcd7 31. Rd3 Ke7 32. a4 Kd6 33.
Kd2 f6 34. Kc3 Rg8 35. Re3 Re7 36. Kb4 Rge8 37. Rd2 Kc6 38. Rde2 Kd6 39. Rh3
Rg8 40. Kb5 Rg6 41. g3 Rg8 42. Rh6 Rf7 43. d5 exd5 44. Rd2 Rc8 45. Rxd5+ Ke6
46. Re5+ Kd7 47. Rxf5 Ke7 48. Rfh5 Rh8 49. Ka6 Kf8 50. g4 Kg7 51. h4 Rc7 52.
Kb5 Re7 53. g5 fxg5 54. hxg5 Re4 55. Rh4 Rc8 56. Rxh7+ Kg6 57. R7h6+ Kg7 58.
Rh7+ Kg6 59. f5+ Kxf5 60. Rxe4 Kxe4 61. Rxa7 Kf5 62. Rb7 Rc5+ 63. Kb4 Rc6 64.
Rg7 Rc8 65. Kb5 Rc5+ 66. Kxb6 Rxc4 67. a5 Rb4+ 68. Ka7 1-0

[Event "17. Open de Sants Hostafrancs 2015"]
[Site "Barcelona ESP"]
[Date "2015.08.24"]
[Round "4.63"]
[White "Fernandez Diaz, Cristian"]
[Black "Vidal, Llewellyn"]
[Result "0-1"]
[WhiteElo "2277"]
[BlackElo "2117"]
[PlyCount "70"]
[EventDate "2015.08.21"]
[EventType "swiss"]
[EventRounds "10"]
[EventCountry "ESP"]
[SourceTitle "Ajedrez en Madrid"]
[Source "lmi"]
[SourceDate "2015.08.21"]

1. d4 d5 2. c4 c6 3. Nf3 Nf6 4. e3 Bg4 5. Nc3 e6 6. Qb3 Qb6 7. c5 Qc7 8. Ne5
Bf5 9. Be2 Nbd7 10. g4 Be4 11. Nxe4 Nxe4 12. Nxd7 Qxd7 13. f3 Nf6 14. Bd2 Qc7
15. O-O-O b6 16. cxb6 Qxb6 17. Qc2 Be7 18. Bd3 Rb8 19. Kb1 Nd7 20. Bc3 Bb4 21.
e4 g6 22. f4 Bxc3 23. Qxc3 Qb4 24. Qc2 O-O 25. h4 c5 26. exd5 c4 27. Be2 Nb6
28. a3 Qa5 29. Ka2 Nxd5 30. Qc1 c3 31. b3 Rxb3 32. Kxb3 Rb8+ 33. Kc2 Rb2+ 34.
Qxb2 cxb2 35. Rh3 Nxf4 0-1

[Event "17. Open de Sants Hostafrancs 2015"]
[Site "Barcelona ESP"]
[Date "2015.08.24"]
[Round "4.64"]
[White "Garcia Trobat, Francisco"]
[Black "Ayala Abenza, Jose Luis"]
[Result "1-0"]
[WhiteElo "2273"]
[BlackElo "2061"]
[PlyCount "177"]
[EventDate "2015.08.21"]
[EventType "swiss"]
[EventRounds "10"]
[EventCountry "ESP"]
[SourceTitle "Ajedrez en Madrid"]
[Source "lmi"]
[SourceDate "2015.08.21"]

1. d4 d5 2. c4 c6 3. Nf3 Nf6 4. Nc3 a6 5. cxd5 cxd5 6. Bf4 Nc6 7. e3 e6 8. Ne5
Nxe5 9. Bxe5 Bd7 10. Bd3 Bb4 11. O-O O-O 12. Qc2 h6 13. a3 Ba5 14. b4 Bc7 15.
Bxf6 Qxf6 16. Nxd5 Bxh2+ 17. Kxh2 exd5 18. Qc7 Bc6 19. Kg1 Rac8 20. Qg3 Bb5 21.
Bxb5 axb5 22. Rfc1 Rc6 23. Rc5 Rxc5 24. bxc5 Ra8 25. Rb1 Qc6 26. Rb3 Ra4 27.
Qb8+ Kh7 28. Qf4 Kg8 29. Qf5 Ra5 30. g3 g6 31. Qd3 Kf8 32. Kg2 h5 33. Qb1 h4
34. gxh4 Qf6 35. Rxb5 Rxa3 36. c6 bxc6 37. Qb4+ Kg7 38. Rb8 Ra2 39. Qf8+ Kh7
40. Qg8+ Kh6 41. Qh8+ Qxh8 42. Rxh8+ Kg7 43. Rc8 Rc2 44. Kg3 Kf6 45. Rc7 Ke6
46. f3 Rc4 47. Kf4 f6 48. Kg4 Rc3 49. Kf4 Rc4 50. Rc8 Kd7 51. Ra8 Ke6 52. Ra6
Kd6 53. Ra5 Rc1 54. Ra7 Rc4 55. Ra5 Rc3 56. Ra8 g5+ 57. hxg5 fxg5+ 58. Kxg5
Rxe3 59. f4 Re4 60. Ra4 Ke7 61. f5 Re1 62. Ra7+ Kd6 63. Kf6 Rf1 64. Kg6 Rh1 65.
Kg7 Rh4 66. Ra4 Rg4+ 67. Kf7 Rg1 68. f6 Rg4 69. Rb4 Rh4 70. Ra4 Rg4 71. Kf8 Ke6
72. f7 Rf4 73. Ra7 Rxd4 74. Re7+ Kd6 75. Ke8 Rf4 76. Rd7+ Ke6 77. Re7+ Kd6 78.
Rd7+ Ke6 79. Re7+ Kd6 80. f8=Q Rxf8+ 81. Kxf8 c5 82. Kf7 c4 83. Kf6 c3 84. Re8
d4 85. Rd8+ Kc5 86. Ke5 Kc4 87. Ke4 c2 88. Rc8+ Kb3 89. Kd3 1-0

[Event "17. Open de Sants Hostafrancs 2015"]
[Site "Barcelona ESP"]
[Date "2015.08.24"]
[Round "4.65"]
[White "Minko, Vladimir"]
[Black "Bielecki, Pawel"]
[Result "1-0"]
[WhiteElo "2268"]
[BlackElo "2031"]
[PlyCount "69"]
[EventDate "2015.08.21"]
[EventType "swiss"]
[EventRounds "10"]
[EventCountry "ESP"]
[SourceTitle "Ajedrez en Madrid"]
[Source "lmi"]
[SourceDate "2015.08.21"]

1. d4 Nf6 2. c4 g6 3. g3 Bg7 4. Bg2 d6 5. Nf3 O-O 6. Nc3 c6 7. O-O Bf5 8. Nh4
Be6 9. d5 cxd5 10. cxd5 Bd7 11. Be3 Na6 12. Bd4 Qa5 13. a3 Rfc8 14. b4 Qd8 15.
Rc1 Rc7 16. Qd2 b5 17. h3 Kf8 18. e4 Rac8 19. Rfe1 Nh5 20. e5 dxe5 21. Bxe5
Bxe5 22. Rxe5 Nf6 23. Re3 Be8 24. Rce1 Qd6 25. Nf3 Nb8 26. Nd4 a6 27. Ne4 Nxe4
28. Rxe4 Qf6 29. Rf4 Qd6 30. Ne6+ Kg8 31. Nxc7 Rxc7 32. Rfe4 a5 33. Qh6 Qf6 34.
d6 Rc2 35. d7 1-0

[Event "17. Open de Sants Hostafrancs 2015"]
[Site "Barcelona ESP"]
[Date "2015.08.24"]
[Round "4.66"]
[White "Veganzones Rojo, David"]
[Black "Gutierrez Clares, Joaquim"]
[Result "1/2-1/2"]
[WhiteElo "2149"]
[BlackElo "2268"]
[PlyCount "36"]
[EventDate "2015.08.21"]
[EventType "swiss"]
[EventRounds "10"]
[EventCountry "ESP"]
[SourceTitle "Ajedrez en Madrid"]
[Source "lmi"]
[SourceDate "2015.08.21"]

1. d4 Nf6 2. c4 g6 3. g3 d5 4. cxd5 Nxd5 5. Bg2 Bg7 6. Nf3 O-O 7. O-O Nb6 8.
Nc3 Nc6 9. e3 Re8 10. a3 a5 11. Qe2 a4 12. Rd1 Na5 13. Ne5 c6 14. Bd2 Nb3 15.
Rab1 Be6 16. Be1 Qc7 17. Nd3 Bf5 18. Be4 Bxe4 1/2-1/2

[Event "17. Open de Sants Hostafrancs 2015"]
[Site "Barcelona ESP"]
[Date "2015.08.24"]
[Round "4.68"]
[White "Gschwendtner, Klaus"]
[Black "Martinez Lopez, Ivan"]
[Result "0-1"]
[WhiteElo "2138"]
[BlackElo "2267"]
[PlyCount "76"]
[EventDate "2015.08.21"]
[EventType "swiss"]
[EventRounds "10"]
[EventCountry "ESP"]
[SourceTitle "Ajedrez en Madrid"]
[Source "lmi"]
[SourceDate "2015.08.21"]

1. e4 e5 2. Nf3 Nc6 3. Bb5 Nf6 4. d3 d6 5. Nc3 Bd7 6. O-O Be7 7. h3 O-O 8. a4
a6 9. Bc4 Na5 10. Ba2 c5 11. Nh2 b5 12. axb5 axb5 13. Nd5 Nc6 14. Nxe7+ Qxe7
15. Bg5 h6 16. Bxf6 Qxf6 17. c3 Qg6 18. Kh1 Ne7 19. Ng4 Qg5 20. Ne3 Ng6 21. Qf3
Nf4 22. Nd5 Be6 23. Nxf4 Bxa2 24. Nd5 Bxd5 25. exd5 Qd2 26. Rxa8 Rxa8 27. Qf5
Qxb2 28. f4 Qxc3 29. fxe5 Qxe5 30. Qxf7+ Kh8 31. d4 Qxd4 32. Qb7 Rg8 33. Rf7 b4
34. Rd7 Rf8 35. Rf7 Qa1+ 36. Kh2 Qe5+ 37. g3 Rxf7 38. Qxf7 b3 0-1

[Event "17. Open de Sants Hostafrancs 2015"]
[Site "Barcelona ESP"]
[Date "2015.08.24"]
[Round "4.69"]
[White "Buijs Martin, Urtzi"]
[Black "Adel Lahchaichi, Oussama"]
[Result "1/2-1/2"]
[WhiteElo "2135"]
[BlackElo "2258"]
[PlyCount "99"]
[EventDate "2015.08.21"]
[EventType "swiss"]
[EventRounds "10"]
[EventCountry "ESP"]
[SourceTitle "Ajedrez en Madrid"]
[Source "lmi"]
[SourceDate "2015.08.21"]

1. e4 c5 2. Nc3 Nc6 3. f4 g6 4. Nf3 Bg7 5. Bb5 Nd4 6. O-O Nxb5 7. Nxb5 d5 8.
exd5 a6 9. Nc3 Nf6 10. d4 c4 11. Qe2 Nxd5 12. Qxc4 Be6 13. f5 Ne3 14. Qd3 Nxf5
15. d5 Bd7 16. Bf4 O-O 17. Be5 Qb6+ 18. Kh1 Qe3 19. Rae1 Qxd3 20. cxd3 Bh6 21.
g4 Ne3 22. g5 Nxf1 23. gxh6 f6 24. Bd4 Bh3 25. Ng1 Bf5 26. Rxf1 Bxd3 27. Re1 b5
28. Re3 Bf5 29. a3 Kf7 30. Nge2 g5 31. Bc5 Rfe8 32. Nd4 Bd7 33. Ne4 Kg6 34. Ng3
Kxh6 35. Ngf5+ Kg6 36. Nxe7+ Kf7 37. d6 h5 38. Kg1 g4 39. Kf2 Rh8 40. Nd5 Rae8
41. Nb6 Rxe3 42. Kxe3 Ke8 43. Kf4 Rg8 44. Nxd7 Kxd7 45. Nf5 Rg5 46. b4 Ke6 47.
Nd4+ Kd7 48. Nf5 Ke6 49. Nd4+ Kd7 50. Nf5 1/2-1/2

[Event "17. Open de Sants Hostafrancs 2015"]
[Site "Barcelona ESP"]
[Date "2015.08.24"]
[Round "4.70"]
[White "Campins Machado, Francesc"]
[Black "Mingarro Carceller, Sergi"]
[Result "0-1"]
[WhiteElo "2127"]
[BlackElo "2255"]
[PlyCount "110"]
[EventDate "2015.08.21"]
[EventType "swiss"]
[EventRounds "10"]
[EventCountry "ESP"]
[SourceTitle "Ajedrez en Madrid"]
[Source "lmi"]
[SourceDate "2015.08.21"]

1. Nf3 f5 2. c4 Nf6 3. Nc3 g6 4. g3 Bg7 5. Bg2 O-O 6. O-O d6 7. d3 Nc6 8. Rb1
e5 9. b4 h6 10. b5 Ne7 11. c5 Be6 12. Ba3 Rc8 13. Qa4 b6 14. cxd6 cxd6 15. Rbc1
Qd7 16. Qb4 Rc5 17. Na4 Rxc1 18. Rxc1 Ne8 19. Nc3 Rf7 20. e4 d5 21. exd5 Nxd5
22. Nxd5 Bxd5 23. Bb2 Re7 24. a4 Bb7 25. Re1 Qc7 26. d4 Bxf3 27. Bxf3 e4 28.
Bg2 Rd7 29. g4 Nf6 30. gxf5 gxf5 31. Bh3 Kh8 32. Bxf5 Rd8 33. Bxe4 Ng4 34. Bg2
Qxh2+ 35. Kf1 Rf8 36. Re2 Qf4 37. Qd2 Qg3 38. d5 Nh2+ 39. Ke1 Nf3+ 40. Kd1 Qxg2
41. Qxh6+ Kg8 42. Qe6+ Rf7 43. Qe8+ Bf8 44. Qe6 Qh1+ 45. Kc2 Qh7+ 46. Kb3 Ng5
47. Qe5 Qd3+ 48. Ka2 Bg7 49. Qb8+ Rf8 50. Qxa7 Bxb2 51. Rxb2 Qxd5+ 52. Kb1 Re8
53. Qc7 Re1+ 54. Kc2 Re2+ 55. Kc1 Qh1# 0-1

[Event "17. Open de Sants Hostafrancs 2015"]
[Site "Barcelona ESP"]
[Date "2015.08.24"]
[Round "4.71"]
[White "Ramirez Carrizo, Victor Jose"]
[Black "Boix Moreno, Daniel"]
[Result "0-1"]
[WhiteElo "2122"]
[BlackElo "2253"]
[PlyCount "30"]
[EventDate "2015.08.21"]
[EventType "swiss"]
[EventRounds "10"]
[EventCountry "ESP"]
[SourceTitle "Ajedrez en Madrid"]
[Source "lmi"]
[SourceDate "2015.08.21"]

1. e4 c5 2. Nf3 d6 3. d4 cxd4 4. Nxd4 Nf6 5. Nc3 a6 6. Bg5 e6 7. f4 Qb6 8. Qd2
Nc6 9. Nxc6 bxc6 10. e5 Nd5 11. Ne4 h6 12. Bh4 dxe5 13. fxe5 Qxb2 14. Rd1 Qxe5
15. Bd3 Bb4 0-1

[Event "17. Open de Sants Hostafrancs 2015"]
[Site "Barcelona ESP"]
[Date "2015.08.24"]
[Round "4.72"]
[White "Porta Tovar, Guillem"]
[Black "Gonzalez Valero, Julio"]
[Result "0-1"]
[WhiteElo "2095"]
[BlackElo "2246"]
[PlyCount "102"]
[EventDate "2015.08.21"]
[EventType "swiss"]
[EventRounds "10"]
[EventCountry "ESP"]
[SourceTitle "Ajedrez en Madrid"]
[Source "lmi"]
[SourceDate "2015.08.21"]

1. e4 c5 2. Nf3 Nc6 3. d3 g6 4. g3 Bg7 5. Bg2 d6 6. O-O e5 7. c3 Nge7 8. a3 O-O
9. b4 Qc7 10. Nbd2 h6 11. Nb3 b6 12. Bb2 Be6 13. b5 Bxb3 14. Qxb3 Na5 15. Qc2
c4 16. d4 Nb3 17. Rad1 a6 18. bxa6 Rxa6 19. d5 f5 20. Nh4 f4 21. Bh3 Bf6 22.
Qe2 Bxh4 23. gxh4 f3 24. Qe3 Rf4 25. Kh1 Qc5 26. Rd4 Ra8 27. Bc1 Raf8 28. Rdd1
Rxh4 29. Be6+ Kg7 30. Qe1 Nxc1 31. Rxc1 Rff4 32. Qd1 Rxe4 33. Qxf3 Ref4 34. Qe3
Rf8 35. Qxc5 bxc5 36. a4 Rhf4 37. Rc2 Ra8 38. Ra1 Ra5 39. Rb2 Rf3 40. Rb7 Kf6
41. Rb6 Rxc3 42. Rxd6 Nf5 43. Bxf5+ Kxf5 44. Rg1 Rd3 45. Rgxg6 c3 46. f3 Kf4
47. Rg1 c2 48. Rxh6 Rd1 49. Rh4+ Ke3 50. Rc4 Rxg1+ 51. Kxg1 Kd3 0-1

[Event "17. Open de Sants Hostafrancs 2015"]
[Site "Barcelona ESP"]
[Date "2015.08.24"]
[Round "4.73"]
[White "Kulon, Klaudia"]
[Black "Fraga Pons, Albert  Borja"]
[Result "1-0"]
[WhiteElo "2240"]
[BlackElo "1958"]
[PlyCount "115"]
[EventDate "2015.08.21"]
[EventType "swiss"]
[EventRounds "10"]
[EventCountry "ESP"]
[SourceTitle "Ajedrez en Madrid"]
[Source "lmi"]
[SourceDate "2015.08.21"]

1. c4 e5 2. g3 Nc6 3. Bg2 Bc5 4. Nc3 d6 5. e3 Nf6 6. Nge2 a6 7. O-O O-O 8. h3
Ba7 9. d4 Rb8 10. Kh2 Bf5 11. d5 Ne7 12. e4 Bd7 13. f4 exf4 14. gxf4 Ng6 15.
Ng3 h6 16. Qe2 Re8 17. Be3 Bxe3 18. Qxe3 b5 19. c5 b4 20. Nce2 Bb5 21. Rad1
dxc5 22. e5 Qe7 23. d6 cxd6 24. Nf5 Qc7 25. Nxd6 Re6 26. Nxb5 axb5 27. Qg3 Nh5
28. Qg4 Rxe5 29. Rd7 Nf6 30. Rxc7 Nxg4+ 31. hxg4 Rxe2 32. Kg3 c4 33. Bd5 Re7
34. Rc5 Re3+ 35. Rf3 Rxf3+ 36. Kxf3 Ne7 37. Be4 Kf8 38. Rc7 Ke8 39. Ke3 g6 40.
f5 Kd8 41. Ra7 Ke8 42. f6 Nc8 43. Rc7 Nb6 44. Bc6+ Kf8 45. Kd4 Rd8+ 46. Kc5
Na4+ 47. Kxb4 Nxb2 48. Bxb5 Nd3+ 49. Kc3 Ne5 50. Re7 Nxg4 51. Bxc4 Rc8 52.
Rxf7+ Ke8 53. Re7+ Kd8 54. Re6 Kd7 55. f7 Rf8 56. Re8 Rxf7 57. Bxf7 Nf6 58. Rh8
1-0

[Event "17. Open de Sants Hostafrancs 2015"]
[Site "Barcelona ESP"]
[Date "2015.08.24"]
[Round "4.74"]
[White "Guennoun, Anthony"]
[Black "Le Ruyet, Leopold"]
[Result "1-0"]
[WhiteElo "2086"]
[BlackElo "2240"]
[PlyCount "99"]
[EventDate "2015.08.21"]
[EventType "swiss"]
[EventRounds "10"]
[EventCountry "ESP"]
[SourceTitle "Ajedrez en Madrid"]
[Source "lmi"]
[SourceDate "2015.08.21"]

1. e4 e5 2. Nf3 Nc6 3. Bb5 a6 4. Bxc6 dxc6 5. O-O Bg4 6. h3 h5 7. d4 Bxf3 8.
Qxf3 exd4 9. c3 dxc3 10. Nxc3 Qf6 11. Qg3 Bc5 12. Qxc7 Ne7 13. Qxb7 O-O 14. Qb3
Ng6 15. Qd1 Qh4 16. Qf3 Ne5 17. Qf5 Rae8 18. Bg5 Qg3 19. Bf4 Qg6 20. Qxg6 Nxg6
21. Be3 Bxe3 22. fxe3 Ne5 23. b3 g6 24. Rad1 Rb8 25. Rd4 Rfe8 26. Rfd1 Kf8 27.
Ra4 Ra8 28. Ra5 f6 29. Rd4 Re7 30. Na4 Rea7 31. Kf2 Ke7 32. Ke2 Nd7 33. Rxd7+
Kxd7 34. Nb6+ Kc7 35. Nxa8+ Rxa8 36. e5 Kb6 37. b4 f5 38. Kf3 Rd8 39. g3 g5 40.
e6 Rf8 41. e7 g4+ 42. Kf4 Re8 43. Rxf5 gxh3 44. Rxh5 h2 45. Rxh2 Rxe7 46. Rh5
Rd7 47. g4 Rd2 48. g5 Rg2 49. Rh4 Kb5 50. Rg4 1-0

[Event "17. Open de Sants Hostafrancs 2015"]
[Site "Barcelona ESP"]
[Date "2015.08.24"]
[Round "4.75"]
[White "Valencia Jimenez, Jose"]
[Black "Schnelzer, Reinhold"]
[Result "1/2-1/2"]
[WhiteElo "2068"]
[BlackElo "2230"]
[PlyCount "111"]
[EventDate "2015.08.21"]
[EventType "swiss"]
[EventRounds "10"]
[EventCountry "ESP"]
[SourceTitle "Ajedrez en Madrid"]
[Source "lmi"]
[SourceDate "2015.08.21"]

1. d4 Nf6 2. c4 e6 3. Nf3 Bb4+ 4. Nbd2 d5 5. e3 O-O 6. Bd3 b6 7. O-O Bb7 8. Ne5
c5 9. Ndf3 cxd4 10. exd4 dxc4 11. Bxc4 Bd5 12. a3 Be7 13. Qe2 Nc6 14. Rd1 Bxc4
15. Qxc4 Na5 16. Qd3 Qd5 17. b4 Nb3 18. Rb1 Nxc1 19. Rbxc1 b5 20. Rc2 Bd6 21.
Nc6 Rfc8 22. Rdc1 Rc7 23. Nfe5 g6 24. Qe2 Kg7 25. a4 a6 26. axb5 axb5 27. h3
Rac8 28. Kh1 Ne4 29. Qf3 f6 30. Ne7 Rxc2 31. Rxc2 Rxc2 32. Nxd5 Rc1+ 33. Kh2
exd5 34. Qe3 Rc3 35. Qe2 fxe5 36. dxe5 Bxe5+ 37. g3 Bf6 38. Qxb5 Rc7 39. Qxd5
Nc3 40. Qd6 Rb7 41. Kg2 h5 42. g4 hxg4 43. hxg4 Ne4 44. Qc6 Rxb4 45. Qc7+ Kh6
46. f4 Rd4 47. g5+ Nxg5 48. fxg5+ Kxg5 49. Kf3 Kh6 50. Qf7 Bg7 51. Qe6 Rh4 52.
Kg3 Rh5 53. Kg4 Re5 54. Qc6 Kh7 55. Qh1+ Rh5 56. Qxh5+ 1/2-1/2

[Event "17. Open de Sants Hostafrancs 2015"]
[Site "Barcelona ESP"]
[Date "2015.08.24"]
[Round "4.76"]
[White "Andersen, Mads"]
[Black "Rodriguez Diaz, Javier"]
[Result "1-0"]
[WhiteElo "2467"]
[BlackElo "1854"]
[PlyCount "87"]
[EventDate "2015.08.21"]
[EventType "swiss"]
[EventRounds "10"]
[EventCountry "ESP"]
[SourceTitle "Ajedrez en Madrid"]
[Source "lmi"]
[SourceDate "2015.08.21"]

1. Nf3 Nf6 2. g3 e6 3. Bg2 d5 4. O-O Be7 5. c4 O-O 6. b3 c5 7. Bb2 d4 8. e3 Nc6
9. exd4 cxd4 10. Re1 Re8 11. d3 Bb4 12. Nbd2 e5 13. a3 Bd6 14. b4 Bf5 15. c5
Bc7 16. Ng5 h6 17. Nge4 Nxe4 18. Nxe4 Be6 19. Qh5 f5 20. Nd2 Qf6 21. Rac1 Rad8
22. Nc4 Bf7 23. Qd1 Kh7 24. Qd2 Bd5 25. Nd6 Bxd6 26. Bxd5 Bc7 27. Bg2 Re7 28.
Re2 g5 29. a4 Kh8 30. Ba3 Rg7 31. b5 Na5 32. Qa2 f4 33. Be4 f3 34. Rb2 h5 35.
Qb1 h4 36. b6 axb6 37. cxb6 Bb8 38. g4 h3 39. Kh1 Qf4 40. Rb5 Nc6 41. Rg1 Qd2
42. Rg3 Rf7 43. Rxh3+ Kg8 44. Qc1 1-0

[Event "17. Open de Sants Hostafrancs 2015"]
[Site "Barcelona ESP"]
[Date "2015.08.24"]
[Round "4.77"]
[White "Hernando Rodrigo, Julio Antoni"]
[Black "Fernandez Aguilar, Francisco"]
[Result "1-0"]
[WhiteElo "2389"]
[BlackElo "2067"]
[PlyCount "131"]
[EventDate "2015.08.21"]
[EventType "swiss"]
[EventRounds "10"]
[EventCountry "ESP"]
[SourceTitle "Ajedrez en Madrid"]
[Source "lmi"]
[SourceDate "2015.08.21"]

1. d4 d5 2. Nf3 Nf6 3. c4 c6 4. e3 Bf5 5. Bd3 Bxd3 6. Qxd3 e6 7. O-O Nbd7 8.
Nc3 Be7 9. e4 dxe4 10. Nxe4 Nxe4 11. Qxe4 Nf6 12. Qc2 O-O 13. Bf4 Qa5 14. Rfe1
Rac8 15. a3 Rfd8 16. b4 Qa6 17. Bg5 b5 18. Re5 bxc4 19. Ra5 Qb7 20. Qxc4 Rd5
21. Qa6 Rd7 22. Rc1 Nd5 23. Bxe7 Nxe7 24. Ne5 Qxa6 25. Rxa6 Rdc7 26. g3 f6 27.
Nf3 Kf7 28. Nd2 Rd7 29. Nb3 Rdc7 30. Ra5 Ke8 31. Nc5 Kf7 32. Re1 Nf5 33. Nxe6
Re7 34. Rxf5 Rxe6 35. Rxe6 Kxe6 36. Rc5 Kd6 37. d5 Rc7 38. f4 cxd5 39. Ra5 Kc6
40. Kf2 Re7 41. Rc5+ Kd6 42. Rc8 f5 43. Rf8 Ke6 44. Ke3 Rc7 45. Kd3 g6 46. Rb8
Kd6 47. Rb5 Rc6 48. Rb7 Ra6 49. Rxh7 Rxa3+ 50. Kd4 Rb3 51. Rb7 Rb1 52. Kc3 Rc1+
53. Kd3 Rd1+ 54. Ke2 Rh1 55. Rxa7 Rxh2+ 56. Kd3 Ke6 57. Ra6+ Kf7 58. Kd4 Rd2+
59. Ke5 Rd3 60. Ra7+ Ke8 61. b5 Rb3 62. Ke6 Kd8 63. Kd6 Kc8 64. Kxd5 Rxb5+ 65.
Kc6 Rb8 66. Rg7 1-0

[Event "17. Open de Sants Hostafrancs 2015"]
[Site "Barcelona ESP"]
[Date "2015.08.24"]
[Round "4.78"]
[White "Finsterwalder, Sebastian"]
[Black "Le Goff, Damien"]
[Result "1-0"]
[WhiteElo "2050"]
[BlackElo "2279"]
[PlyCount "85"]
[EventDate "2015.08.21"]
[EventType "swiss"]
[EventRounds "10"]
[EventCountry "ESP"]
[SourceTitle "Ajedrez en Madrid"]
[Source "lmi"]
[SourceDate "2015.08.21"]

1. d4 Nf6 2. c4 c5 3. d5 b5 4. Nf3 Bb7 5. Qc2 g6 6. e4 Bg7 7. Bg5 Nxe4 8. Nc3
Nxg5 9. Nxg5 bxc4 10. Bxc4 Ba6 11. Bxa6 Nxa6 12. O-O O-O 13. Rad1 e5 14. Nge4
f5 15. Nd6 Rf6 16. Nc4 d6 17. Qa4 Nc7 18. Na5 Qe8 19. Nc6 Kh8 20. b4 cxb4 21.
Qxb4 Na6 22. Qa5 Nc5 23. Nb5 Qf8 24. Nc7 Rc8 25. Nxa7 Rb8 26. Rb1 h5 27. Nc6
Rc8 28. Na7 Rb8 29. Nc6 Rc8 30. Na7 Kh7 31. Nxc8 Qxc8 32. Nb5 e4 33. Rfc1 f4
34. Nxd6 Rxd6 35. Qxc5 Qd8 36. Qc7 Qf8 37. Re1 f3 38. Rxe4 Rxd5 39. Re7 fxg2
40. Rb7 Qf3 41. Rxg7+ Kh6 42. Rxg6+ Kxg6 43. Qg7+ 1-0

[Event "17. Open de Sants Hostafrancs 2015"]
[Site "Barcelona ESP"]
[Date "2015.08.24"]
[Round "4.79"]
[White "Serra Canals, Oriol"]
[Black "Chalmeta Ugas, Ramon"]
[Result "1/2-1/2"]
[WhiteElo "2037"]
[BlackElo "2271"]
[PlyCount "131"]
[EventDate "2015.08.21"]
[EventType "swiss"]
[EventRounds "10"]
[EventCountry "ESP"]
[SourceTitle "Ajedrez en Madrid"]
[Source "lmi"]
[SourceDate "2015.08.21"]

1. d4 Nf6 2. c4 g6 3. Nc3 d5 4. cxd5 Nxd5 5. e4 Nxc3 6. bxc3 Bg7 7. Be3 c5 8.
Rc1 Qa5 9. Qd2 cxd4 10. cxd4 Qxd2+ 11. Kxd2 O-O 12. Bb5 Rd8 13. Ne2 Nc6 14.
Bxc6 bxc6 15. Rxc6 Bb7 16. Rc7 Bxe4 17. f3 Bf5 18. g4 Be6 19. Rxe7 Bxa2 20. Ra1
Bd5 21. Raxa7 Rxa7 22. Rxa7 Bxf3 23. g5 Be5 24. h3 Bg2 25. h4 Bf3 26. Ke1 Bb8
27. Ra4 Kf8 28. Kf2 Bc6 29. Rc4 Bd5 30. Rb4 Bd6 31. Rb5 Bc4 32. Rb7 Ke8 33. Nc3
Ra8 34. Bd2 Be7 35. Rc7 Be6 36. d5 Bf5 37. Bf4 Bd8 38. Rb7 Bc8 39. Rb8 Rxb8 40.
Bxb8 f5 41. Be5 Bb6+ 42. Kf3 Bb7 43. Kf4 Kf7 44. d6 Bc6 45. Ne2 Ba5 46. Bc3 Bb6
47. Bd4 Bd8 48. Ke5 Bb5 49. Nc3 Bc4 50. Na4 h6 51. Nb6 Bb3 52. Be3 hxg5 53.
hxg5 Ke8 54. Bc5 Bxg5 55. Nc8 f4 56. Ne7 Bf7 57. Nc6 Kd7 58. Nd4 Bh6 59. Kf6
Be8 60. Nf3 Kc6 61. Bb4 Kd5 62. d7 Bxd7 63. Kxg6 Ke4 64. Kxh6 Kxf3 65. Bd6 Kg4
66. Bxf4 1/2-1/2

[Event "17. Open de Sants Hostafrancs 2015"]
[Site "Barcelona ESP"]
[Date "2015.08.24"]
[Round "4.80"]
[White "Serarols Mabras, Bernat"]
[Black "Llano Olabarrieta, Joseba"]
[Result "1/2-1/2"]
[WhiteElo "2260"]
[BlackElo "2058"]
[PlyCount "87"]
[EventDate "2015.08.21"]
[EventType "swiss"]
[EventRounds "10"]
[EventCountry "ESP"]
[SourceTitle "Ajedrez en Madrid"]
[Source "lmi"]
[SourceDate "2015.08.21"]

1. d4 Nf6 2. c4 e6 3. Nc3 Bb4 4. e3 b6 5. Nge2 c5 6. d5 exd5 7. cxd5 Bb7 8. a3
Ba5 9. Bd2 Na6 10. Nb5 Bxd2+ 11. Qxd2 d6 12. Nec3 O-O 13. Be2 Re8 14. O-O Nc7
15. Nxc7 Qxc7 16. Bc4 Qe7 17. Qd3 a6 18. a4 Ng4 19. h3 Ne5 20. Qe2 Qh4 21. b3
f5 22. f4 Nd7 23. Rae1 Nf6 24. Qc2 Ne4 25. Nxe4 Rxe4 26. Bd3 Bxd5 27. Bxe4 Bxe4
28. Qc3 a5 29. Kh2 Re8 30. Re2 Re6 31. Qc4 d5 32. Qa6 Qd8 33. Rd2 Rd6 34. Rfd1
h6 35. Qe2 Kh7 36. Qf2 Rg6 37. g3 Qc8 38. Rc1 Rc6 39. Qe2 c4 40. bxc4 dxc4 41.
Rc3 Qe6 42. Rd4 Bd5 43. Qd1 Rc5 44. Qb1 1/2-1/2